00874nam a2200253Ia 450000500170000000800410001702000150005810000180007324501020009125000190019330000420021265000320025465000310028665000370031765000370035470000310039170000340042226400300045633600270048633700330051333800280054604000350057408400110060920220317000738.0160601s2004 sp g 000 0 spa  a84488194891 aJarman, Julia12aLa gran bañera roja cJulia Jarman ; ilustraciones Adrian Reynolds ; traducción María Casas a1a. edición  a14 páginas bilustraciones c30 cm 142LEMBaÁlbumes infantiles 142LEMBaLiteratura infantil 142LEMBaAnimales en la literatura 142LEMB aBaños en la literatura 1 aCasas, Maríaetraductor 1 aReynolds, Adrianeilustrador  aBarcelona bBeascoac2004 atextobtxt2rdacontent asin mediaciónbn2rdamedia avolumenbnc2rdacarrier aCO-BoRNBPbspaerdacCO-BoRNBP aA JAR3